|
|
|
|
| LEADER |
01810nam a2200433 a 4500 |
| 001 |
EBC682273 |
| 003 |
MiAaPQ |
| 005 |
20200520144314.0 |
| 006 |
m o d | |
| 007 |
cr cn||||||||| |
| 008 |
080414s2008 ne a sb 001 0 eng d |
| 010 |
|
|
|z 2008016596
|
| 020 |
|
|
|z 9789004168084 (hardback : alk. paper)
|
| 020 |
|
|
|z 9004168087 (hardback : alk. paper)
|
| 020 |
|
|
|a 9789047443506 (electronic bk.)
|
| 035 |
|
|
|a (MiAaPQ)EBC682273
|
| 035 |
|
|
|a (Au-PeEL)EBL682273
|
| 035 |
|
|
|a (CaPaEBR)ebr10461374
|
| 035 |
|
|
|a (CaONFJC)MIL306106
|
| 035 |
|
|
|a (OCoLC)714568786
|
| 040 |
|
|
|a MiAaPQ
|c MiAaPQ
|d MiAaPQ
|
| 043 |
|
|
|a a-cc-ti
|
| 050 |
|
4 |
|a HB1064.T55
|b T53 2008
|
| 082 |
0 |
4 |
|a 304.60951/5
|2 22
|
| 100 |
1 |
|
|a Childs, Geoff H.,
|d 1963-
|
| 245 |
1 |
0 |
|a Tibetan transitions
|h [electronic resource] :
|b historical and contemporary perspectives on fertility, family planning, and demographic change /
|c by Geoff Childs.
|
| 260 |
|
|
|a Leiden ;
|a Boston :
|b Brill,
|c 2008.
|
| 300 |
|
|
|a xvii, 321 p. :
|b ill.
|
| 490 |
1 |
|
|a Brill's Tibetan studies library,
|x 1568-6183 ;
|v v. 19
|
| 504 |
|
|
|a Includes bibliographical references (p. [293]-314) and index.
|
| 533 |
|
|
|a Electronic reproduction. Ann Arbor, MI : ProQuest, 2015. Available via World Wide Web. Access may be limited to ProQuest affiliated libraries.
|
| 650 |
|
0 |
|a Fertility, Human
|z China
|z Tibet Autonomous Region.
|
| 650 |
|
0 |
|a Birth control
|z China
|z Tibet Autonomous Region.
|
| 650 |
|
0 |
|a Demographic transition
|z China
|z Tibet Autonomous Region.
|
| 650 |
|
0 |
|a Demographic anthropology
|z China
|z Tibet Autonomous Region.
|
| 655 |
|
4 |
|a Electronic books.
|
| 710 |
2 |
|
|a ProQuest (Firm)
|
| 830 |
|
0 |
|a Brill's Tibetan studies library ;
|v v. 19.
|
| 856 |
4 |
0 |
|u https://ebookcentral.proquest.com/lib/matrademy/detail.action?docID=682273
|z Click to View
|